|
|
|
|
| LEADER |
00000nam a2200000Ia 4500 |
| 008 |
170522bsf cr ||||| |||| 00| | spa d |
| 999 |
|
|
|c 1238
|d 1238
|
| 090 |
|
|
|a 02.01.02
|b 1685
|
| 110 |
2 |
|
|a Colegio de Licenciados y Profesores en Letras, Filosofía, Ciencias y Artes
|9 2816
|
| 245 |
1 |
1 |
|a [Planificación estratégica] /
|c Colegio de Licenciados y Profesores en Letras, Filosofía, Ciencias y Artes
|
| 260 |
|
|
|a Costa Rica :
|b Colegio de Licenciados y Profesores en Letras, Filosofía, Ciencias y Artes
|c s.f.
|
| 300 |
|
|
|a 96 páginas
|
| 650 |
1 |
4 |
|a PLANIFICACIÓN ESTRATÉGICA
|9 762
|
| 942 |
|
|
|i 002990
|h 02.01.02 1685
|2 z
|c 01
|